| 000 | 00515nam a22001697a 4500 | ||
|---|---|---|---|
| 005 | 20251108171830.0 | ||
| 008 | 250721s9999 xx 000 0 ara d | ||
| 082 | 1 | 4 | _aط/621.382/عما |
| 100 | 1 |
_aشعبي، عماد _eإعداد |
|
| 245 | 1 | 0 | _aالإتصالات / |
| 264 | 1 |
_aدمشق : _bدار المؤيد، _c[19-]. |
|
| 300 | _a40ص | ||
| 490 | 0 | _aالعربية المبسطة للمعارف و العلوم ، 5 | |
| 700 | 1 |
_aيردان، إكرام _eرسوم |
|
| 942 |
_2ddc _cBK |
||
| 999 |
_c63763 _d63763 |
||